Statistiken für Disney Filme erraten mit Bildern - Teil 1

Klicken Sie hier um das Quiz zu spielen!

Allgemein

  • Dieses Quiz wurde 5.930 mal gespielt
  • Das Durchschnittsergebnis liegt bei 12 aus 16

Antwortstatistiken

Antwort% Korrekt
Schneewittchen und die sieben Zwerge
98%
Bambi
97%
Pinocchio
96%
Dumbo
95%
Peter Pan
95%
Das Dschungelbuch
90%
Cinderella
89%
Susi und Strolch
87%
101 Dalmatiner
79%
Robin Hood
78%
Alice im Wunderland
73%
Dornröschen
57%
Aristocats
56%
Fantasia
26%
Die Hexe und der Zauberer
23%
Drei Caballeros
19%

Verteilung der Resultate

Perzentil nach korrekt beantworteten Fragen

Anzahl Personen mit jedem Resultat

Ihre Resultats-Entwicklung

Sie haben dieses Quiz noch nicht gespielt